书目信息 |
| 题名: |
逐梦·太行
|
|
| 作者: | 刘司坤 主编 | |
| 分册: | ||
| 出版信息: | 北京 人民日报出版社 2018 |
|
| 页数: | 317页 | |
| 开本: | 24cm | |
| 丛书名: | ||
| 单 册: | ||
| 中图分类: | U412.36 | |
| 科图分类: | ||
| 主题词: | ||
| 电子资源: | ||
| ISBN: | 978-7-5115-5742-1 | |
| 000 | 01032nam0 2200253 450 | |
| 001 | 202019133966 | |
| 005 | 20191002113833.0 | |
| 010 | @a978-7-5115-5742-1@dCNY88.00 | |
| 100 | @a20190928d2018 em y0chiy50 ea | |
| 101 | 0 | @achi |
| 102 | @aCN@b110000 | |
| 105 | @aa z 000yy | |
| 106 | @ar | |
| 200 | 1 | @a逐梦·太行@AZhu Meng·Tai Hang@dChasing dreams on Taihang mountain@f刘司坤主编@zeng |
| 210 | @a北京@c人民日报出版社@d2018 | |
| 215 | @a317页@c图,照片@d24cm | |
| 300 | @a纪念改革开放四十周年 国企文化建设典范读本 | |
| 330 | @a本书分为重磅纪实、新英雄谱、深度观察、媒体关注、精神家园等几个部分,图文并茂地记录了该项目邢台段和邯郸段的艰辛建设过程,并对该项目邢台段和邯郸段在项目管理、科技创新、文化建设等方面取得的成绩、经验进行了总结探索,充分体现了交建行业的中国速度和中国精神。 | |
| 510 | 1 | @aChasing dreams on Taihang mountain@zeng |
| 607 | @a太行山@x高速公路@x道路建设@y河北 | |
| 690 | @aU412.36@v5 | |
| 701 | 0 | @a刘司坤@ALiu Si Kun@4主编 |
| 801 | 0 | @aCN@c20190905 |
| 905 | @a河南城建学院图书馆@dU412.36@eL673 | |
| 逐梦·太行=Chasing dreams on Taihang mountain/刘司坤主编.-北京:人民日报出版社,2018 |
| 317页:图,照片;24cm |
| 纪念改革开放四十周年 国企文化建设典范读本 |
| ISBN 978-7-5115-5742-1:CNY88.00 |
| 本书分为重磅纪实、新英雄谱、深度观察、媒体关注、精神家园等几个部分,图文并茂地记录了该项目邢台段和邯郸段的艰辛建设过程,并对该项目邢台段和邯郸段在项目管理、科技创新、文化建设等方面取得的成绩、经验进行了总结探索,充分体现了交建行业的中国速度和中国精神。 |
| ● |
| 相关链接 |
|
|
|
正题名:逐梦·太行
索取号:U412.36/L673
 
预约/预借
| 序号 | 登录号 | 条形码 | 馆藏地/架位号 | 状态 | 备注 |
| 1 | 1441593 | 214415934 | 自科库501/501自科库 51排5列1层/ [索取号:U412.36/L673] | 在馆 | |
| 2 | 1441594 | 214415943 | 自科库501/501自科库 51排5列1层/ [索取号:U412.36/L673] | 在馆 |